Estatutos del Ateneo Científico, Literario y Artístico de Madrid. (Record no. 169405)

MARC details
000 -LEADER
campo de control de longitud fija 01088nam a2200265 i 4500
001 - NÚMERO DE CONTROL
campo de control 169405
003 - IDENTIFICADOR DE NÚMERO DE CONTROL
campo de control ES-MaACL
005 - FECHA Y HORA DE LA ÚLTIMA TRANSACCIÓN
campo de control 20241104205433.0
007 - CAMPO FIJO DE DESCRIPCIÓN FÍSICA--INFORMACIÓN GENERAL
campo de control de longitud fija t|
008 - DATOS DE LONGITUD FIJA--INFORMACIÓN GENERAL
campo de control de longitud fija 080908s1843 sp ||||1| spa d
040 ## - FUENTE DE CATALOGACIÓN
Centro/agencia transcriptor ES-MaACL
080 ## - NÚMERO DE LA CLASIFICACIÓN DECIMAL UNIVERSAL
Número de la Clasificación Decimal Universal 061.21(461.1)Ateneo(047.32)
110 2# - ENTRADA PRINCIPAL--NOMBRE DE ENTIDAD CORPORATIVA
Nombre de entidad corporativa o nombre de jurisdicción como elemento de entrada Ateneo de Madrid.
9 (RLIN) 1875
245 10 - MENCIÓN DEL TÍTULO
Título Estatutos del Ateneo Científico, Literario y Artístico de Madrid.
260 ## - PUBLICACIÓN, DISTRIBUCIÓN, ETC.
Lugar de publicación, distribución, etc. Madrid :
Nombre del editor, distribuidor, etc. [s.n.],
Fecha de publicación, distribución, etc. 1843
Fabricante (Imp. de la Sociedad Literaria y Tipográfica)
300 ## - DESCRIPCIÓN FÍSICA
Extensión 8 páginas ;
Dimensiones 21 cm. +
Material acompañante/anejo 1 disco compacto (CD-ROM)
500 ## - NOTA GENERAL
Nota general Texto de los Estatutos fechado en 4 de enero de 1836. A continuación está la última página, que bajo el título de "Advertencias" contiene 8 acuerdos de las juntas generales y de gobierno
610 27 - PUNTO DE ACCESO ADICIONAL DE MATERIA--NOMBRE DE ENTIDAD CORPORATIVA
Nombre de entidad corporativa o nombre de jurisdicción como elemento de entrada Ateneo de Madrid-
Subdivisión de forma Estatutos y reglamentos.
9 (RLIN) 1918
852 ## - LOCALIZACIÓN
Ubicación ES-MaACL
Ubicación en estantería Depósito folletos
Número de control de estantería 2234-F-27
itemnumber 176055
852 ## - LOCALIZACIÓN
Ubicación ES-MaACL
Ubicación en estantería Rotativo
itemnumber 203498
Número de control de estantería ROT 6/3/18
852 ## - LOCALIZACIÓN
Ubicación ES-MaACL
Ubicación en estantería Depósito folletos
Número de control de estantería 2184-F-5
itemnumber 202351
942 ## - ELEMENTOS DE ENTRADA SECUNDARIOS (KOHA)
Tipo de ítem Koha Folleto
Suprimir en OPAC No
Holdings
Estatus retirado Estado de pérdida Fuente del sistema de clasificación o colocación Estado de daño No para préstamo Colección Biblioteca de origen Biblioteca actual Ubicación en estantería Fecha de adquisición Total de préstamos Signatura topográfica completa Visto por última vez Tipo de ítem Koha Código de barras Precio de reemplazo
    Clasificación decimal universal     Fondo Ateneo de Madrid Biblioteca del Ateneo de Madrid Biblioteca del Ateneo de Madrid Depósito folletos 08/09/2008   2234-F-27 23/02/2023 Folleto    
    Clasificación decimal universal     Fondo Ateneo de Madrid Biblioteca del Ateneo de Madrid Biblioteca del Ateneo de Madrid Depósito folletos 13/05/2024   2184-F-5 13/05/2024 Folleto    
    Clasificación decimal universal       Biblioteca del Ateneo de Madrid Biblioteca del Ateneo de Madrid Rotativo 13/06/2024   ROT 6/3/18 13/06/2024 Archivo de ordenador en CD-ROM, CD o disquete 101228499 13/06/2024